000 00320nam a2200133 i 4500
001 bg
100 1 _aSILIN, Wiktor P.
245 0 _aWstęp do teorii kinetycznej gazów /
_cWiktor P. Silin.
260 _aWarszawa,
_c1975.
040 _cBPK
041 _apol
942 _cKS
008 s pl f |000 0 pol
999 _c16108
_d16108
856 _uhttp://koha.tu.koszalin.pl/cgi-bin/koha/opac-detail.pl?biblionumber=16108
_yKatalog online BPK